000 01584nam a2200445 a 4500
001 sjds206029
003 sjds
005 20240110094735.0
008 020521t20022002nyua j 000 0bspa d
020 _a0439331188 (pbk.)
020 _a9780439331180 (pbk.)
_c$6.99
020 _a0439331188 (pbk.)
_c$6.99
035 _a(OCoLC)48970674
040 _aPWmBRO
_dUtOrBLW
_csjds
041 _aspa
_heng
049 _aIFAB
099 _a92
_f2002
100 1 _aWinter, Jonah,
_d1962-
_eauthor.
245 1 0 _aFrida /
_cpor Jonah Winter ; illustrado por Ana Juan ; traducido por Teresa Mlawer.
260 _aNew York :
_bArthur A. Levine Books,
_cc2002
264 1 _aNew York :
_bArthur A. Levine Books,
_c[2002]
264 4 _cc2002
300 _a1 volume (unpaged) :
_bcolor illustrations ;
_c25 x 29 cm
336 _atext
_btxt
_2rdacontent
337 _aunmediated
_bn
_2rdamedia
338 _avolume
_bnc
_2rdacarrier
520 _aStory of how and why Frida learned to paint in Mexico, and why her paintings are like no other.
521 8 _aAD 280
_bLexile
526 0 _aAccelerated Reader
_bLG
_c3.4
_d0.5
_z56500SP
600 1 0 _aKahlo, Frida
_vJuvenile literature.
600 1 7 _aKahlo, Frida
_vLiteratura juvenil.
_2bidex
650 0 _aPainters
_zMexico
_vBiography
_vJuvenile literature.
650 0 _aArtists
_vJuvenile literature.
650 7 _aPintores
_zMéxico
_vBiografía
_vLiteratura juvenil.
_2bidex
650 7 _aArtistas
_vLiteratura juvenil.
_2bidex
700 1 _aKahlo, Frida.
700 1 _aJuan, Ana,
_eillustrator.
700 1 _aMlawer, Teresa.
942 _cBK
999 _c20782
_d20782